00386 a2200109 4500001001000000005001700010008004100027245007500068100002400143773009200167999001700259ART_1082220260410161851.0260409a 10aLa Corte aclaró las viejas discuciones sobre los abortos no punibles1 aFigueroa, Francisco0 tDerecho PenalgAborto. Muerte digna. Infanticido - Año I, Nº 2 (sep. 2012)wREV10351 c24979d24979